1643 1983 1905 1311 1552 1459 1242 1133 1687 1253 1253 1761 1523 1853 1020 1457 1771 1613 1443 1668 1911 1437 1330 1838 1128 1559 1951 1797 1198 1375 1157 1883 1271 1602 1418 1709 1397 1482 1717 1745 1410 1226 1625 1834 1672 1040 1040 1757 1418 1027 1628 1165 1883 1752 1967 1445 1802 1737 1695 1248 1779 1195 1212 1132 1310 1467 1896 1963 1279 1378 1211 1622 1495 1438 1930 1556 1976 1529 1704 1819 1821 1953 1918 1494 1629 1443 1696 1852 1425 1381 1977 1064 1690 1140 1254 1408 1245 1790 1274 BCNSPRNW ULIB Ver.6.0+V

เปลี่ยนเป็นภาษาไทย

Change to English
 แสดงรายละเอียดบรรณานุกรม
  กลับหน้าหลัก

Brief Record : Get Marc (ISO 2709) : E-mail record : QR code < ปิดหน้าต่าง
LEADER : 00000nam 2200000uu 4500
001    13399123944
003     ULIB
008    020711s2557 th a 000 0 tha d
060    W225.JT3^bพ831
100    ธีระพันธ์ ลิมป์พูน,^eบรรณาธิการ
245    พันหมื่นดาวมาเล่าขาน/^cสำนักงานหลักประกันสุขภาพแห่งชาติ
250    พิมพ์ครั้งที่ 1
260    กรุงเทพฯ :^bสำนักงานหลักประกันสุขภาพแห่งชาติ,^c2557
300    133 หน้า;^b21 ซม.
650    ระบบประกันสุขภาพ^xเรื่องเล่า
700    ชนาทิพย์ มารมย์,^eคณะผู้จัดทำ
700    เพียรพร สันทัด,^eคณะผู้จัดทำ
700    ปาริชาติ คงทอง,^eคณะผู้จัดทำ
700    สุชาติ มีสารภี,^eคณะผู้จัดทำ
710    สำนักงานหลักประกันสุขภาพแห่งชาติ
945    ^p0^l0^i22747
945    ^p0^l0^i22748
รายการนี้ยังไม่มีแท็ก
คุณยังไม่ได้ล็อกอิน คุณสามารถมีกิจกรรมร่วมกับเว็บไซต์ได้ แต่ต้องล็อกอินก่อน ::
  ล็อกอิน

รายการสื่อสารสนเทศ

ลำดับที่ ประเภท เลขเรียก/บาร์โค้ด สถานที่ สถานะ
1. วิทยาศาสตร์การแพทย์ และสุขภาพ
วิทยาศาสตร์การแพทย์ และสุขภาพ
สถานะ=หนังสือเก่า
W225.JT3 พ831 ฉ.1 
  Barcode: 22747
ห้องสมุดวิทยาเขตนครสวรรค์
►ส่วนจัดเก็บหนังสือเก่า นว.
บนชั้น
  ขอยืม
2. วิทยาศาสตร์การแพทย์ และสุขภาพ
วิทยาศาสตร์การแพทย์ และสุขภาพ
สถานะ=หนังสือเก่า
W225.JT3 พ831 ฉ.2 
  Barcode: 22748
ห้องสมุดวิทยาเขตนครสวรรค์
►ส่วนจัดเก็บหนังสือเก่า นว.
บนชั้น
  ขอยืม

BibComment


ยังไม่เคยถูกคอมเมนท์

คอมเมนท์ทรัพยากรรายการนี้
  คอมเมนท์: พันหมื่นดาวมาเล่า..


 Copyright 2026. Bcnsprnw @Library